<?xml version="1.0" encoding="UTF-8"?>
<marc:record xmlns:marc="http://www.loc.gov/MARC21/slim">
   <marc:leader>00000nam a2200000 a 4500</marc:leader>
   <marc:datafield ind1="0" ind2="0" tag="245">
      <marc:subfield code="a">Drei Minuten mit der Wirklichkeit</marc:subfield>
   </marc:datafield>
   <marc:datafield ind1="0" ind2="0" tag="245">
      <marc:subfield code="b">das Taschenhörbuch</marc:subfield>
   </marc:datafield>
   <marc:datafield ind1=" " ind2="1" tag="264">
      <marc:subfield code="b">Steinbach</marc:subfield>
      <marc:subfield code="c">2009</marc:subfield>
   </marc:datafield>
   <marc:datafield ind1="1" ind2=" " tag="520">
      <marc:subfield code="a">Eigentlich will Giuletta Battin, 19 Jahre und angehende Balletttänzerin der Berliner Staatsoper, nur herausfinden, was an zeitgenössischer Tangomusik so verstörend ist. Da trifft sie Damián Alsina, den rätselhaften und genialischen Startänzer eines in Berlin gastierenden Tango-Ensembles. Was als leidenschaftliche Liebesgeschichte beginnt, wird für Giulietta bald zum Alptraum.

Ohne ersichtlichen Anlass sabotiert Damián auf offener Bühne sein eigenes Stück und ruiniert eine wichtige Aufführung. Und nur wenige Tage später führt er einen absurden Anschlag auf Giuliettas Vater aus und verschwindet. Die einzige Spur, die er Giuletta hinterlässt, ist sein rätselhafter Tanzstil. Und sie, die ihm Hals über Kopf nach Buenos Aires folgt, gerät Schritt für Schritt in ein Labyrinth, das sie zurückführt zu den Tragödien dieser Stadt, vor allem in die Zeiten der Diktatur und Ermordung tausender Argentinier. Mit Original-Tangomusik!</marc:subfield>
   </marc:datafield>
   <marc:datafield ind1=" " ind2=" " tag="020">
      <marc:subfield code="a">9783886986347</marc:subfield>
      <marc:subfield code="9">9783886986347</marc:subfield>
   </marc:datafield>
</marc:record>
